MDQL
is popping MORE tags! Check the
thread
!
Quizzes
Events
Quiz Creation
Community
Videos
Private Events
Remove Ads
Sign In
Join for FREE
Feedback
Dark Mode
Quiz Categories
Sports
Geography
Music
Movies
Television
Just For Fun
Miscellaneous
History
Literature
Language
Science
Gaming
Entertainment
Religion
Holiday
For Kids
Quiz Lab
Recent
Popular Today
Quiz Kudos Today
Editor Picks
Curator Picks
Quizzes by...
Day
Popularity
Type
Ratings
Length
Year
Community
Subscriptions
Recent Discussions
Orange Saloon
Badges
Playlists
Quests
Create
Leaderboards
Showdown
Live 5
Trivia Bingo
Activity
Puzzle Library
Sporcle Events
Private Events
Virtual Trivia
Globe League
Become a Host
Pub Owners
SporcleCon
Opinionation
Our Games
Videos
Blog
Mobile Apps
Partnerships
Remove Ads and Go Orange
Feedback
Sports
Athletes
MLB
NBA
NHL
NFL
Soccer
Sports Teams
WWE
NCAA
Football
Premier League
Basketball
Baseball
Hockey
Golf
Tennis
Cricket
Rugby
Auto Racing
Olympics
World Cup
Sports
Athletes
MLB
NBA
NHL
NFL
Soccer
Sports Teams
WWE
NCAA
Football
Premier League
Basketball
Baseball
Hockey
Golf
Tennis
Cricket
Rugby
Auto Racing
Olympics
World Cup
Random Quiz
Search Sporcle
×
Quiz Lab
Quiz Lab
Sports
Type in answers that appear in a list
Type in answers that appear in a list
Classic
Best Score? Go Orange.
Random Sports Trivia Stats
Can you name the Random Sports Trivia?
By
thands5
12m
20 Questions
622 Plays
622 Plays
622 Plays
Comments
Comments
Give Quiz Kudos
Give Quiz Kudos
-
- Ratings
hide this ad
Replay
Link that replays current quiz
Next Quiz
Link to next quiz in quiz playlist
You Got
0%
They Got
Avg Score
34%
Avg Friend Score
Upgrade to see
Score Distribution
Jump to the score distribution portion of the page
Score
0/20
Timer
12:00
0
Plays Today
Question
Answer
% Correct
How many teams did Wayne Gretzky play for in the NHL?
4
85.9%
Who drafted Eli Manning?
San Diego Chargers
74.4%
Who is the GM of the Dallas Cowboys?
Jerry Jones
60.3%
How many national titles Notre Dame have in football?
11
55.3%
What team lost to Duke in the Christian Laettner buzzer beater game?
Kentucky
53.5%
Who is the Los Angeles Dodgers boradcaster?
Vin Scully
48.9%
Who was drafted the pick before Michael Jordan?
Sam Bowie
44.4%
Who won the 1994 World Series?
no one
43.4%
Who was the coach of the Indiana Pacers during the 1999-
2000 season?
Larry Bird
41.3%
What number did Kobe Bryant wear in high school?
33
37.5%
Question
Answer
% Correct
What country is Toni Kukoc from?
Croatia
33.4%
Where did Chad Ochocinco attend?
Oregon State
31%
Who did Brett Favre complete his first pass to?
himself
28.8%
What coach did Latrell Sprewell choke?
P.J. Carlesimo
19.6%
What Cindarella team beat Georgia to win the College Baseball World Series?
Fresno State
16.6%
Who won the 2005 Heisman trophy?
vacated
8.5%
What disease does former NBA player Brian Grant suffer from?
Parkinsons
6.1%
What University do 4 of the 32 2010 NFL coaches attend?
Eastern Illinois
5.1%
Who did Pau Gasol traded for in 2008?
Marc Gasol, Javaris Crittenton
1.3%
Who is Livan Hernandez's brother?
Orlando Hernandez 'El Duque'
1%
Quiz Playlist
Details
Report
Send in Message
Add To Playlist
Classic:
Type in answers that appear in a list
Last Updated: Feb 16, 2017
Quiz Scoreboard
CHALLENGE
Sign Up to Join the Scoreboard
Show All
Scores
Hide
Comments
May contain spoilers
Recently Published
5x2 Blitz: Bands
by SL_Kpop136
Music
30s
Colored Red Africa Blitz
by spor1
Geography
30s
Find the 'City' Movie
by crazypaving
Movies
60s
More to Explore
Quiz From the Vault
Featured Blog Post
14 Easter Pick-up Lines to Find Eggs With
hide this ad
You Might Also Like...
Tags
This quiz does not have any tags.
Today's Top Quizzes in Sports
Browse Sports
hide this ad
Top Contributed Quizzes in Sports
1
Players with Multiple 50 Home Run Seasons
2
Who Needs Fielders?
3
Criteria MLB: Left Handed Sluggers
4
MLB Players with Two .350 Batting Average Seasons
5
Who Hit More Homers?
6
2020 F1 Drivers Logic Puzzle
7
NBA Teammate Connections
8
Premier League Clubs since 2000 (minefield)
9
MLB Teams by First Game
10
Top 10 NHL Goal Scorers of All Time
Explore More
Trending Topics
Disney
Anime
Marvel
NBA
Crossword
Harry Potter
Kpop
WWE
Song
Pokémon
Puzzle
Soccer
The Office
Country
NFL
hide this ad
More By:
thands5
Quiz
Plays
Rating
Category
Featured
Created
Random Sports Trivia
622
1.00
Sports
Nov 5, 2010
NBA Knowledge
428
1.63
Sports
Nov 6, 2010
Starting NFL WR's Alma Maters
385
3.50
Sports
Sep 15, 2011
NFL Alumni Knowledge
385
4.00
Sports
Nov 5, 2010
NFL Players College Jersey Numbers
253
4.00
Sports
Dec 10, 2010
Go to Creator's Profile
Score Distribution
Quiz Creator Spotlight
thands5
Follow
Send a Message
Quizzes Created
-
Created Quiz Play Count
-
More By This Creator
Popular Quizzes Today
1
5x2 Blitz: Bands
2
Find the 'City' Movie
3
Find the US States - No Outlines Minefield
4
Colored Red Africa Blitz
5
The Countries of the World
6
Find the US States
7
Risky Map Clicking: Biggest States A-Z
8
9x9 Crossword: Cartoon Network
More Sports Quizzes
Women's Tennis Grand Slam #1 Seeds
Published
Trending Quizzes
Colored Red Africa Blitz II
Colored Red Europe Blitz I
Find the 'Dark' Movie
Find the 'Day' Movie
Find the 'Good' Movie
Recently Updated
Champions League XIs: Real Madrid
pecheneg
Largest US Cities 1790-2010
pecheneg
Rides in Walt Disney World
pecheneg
Most Oscar Losses (Acting)
pecheneg
Beyoncé Albums
pecheneg
Leaping Animals
pecheneg
Reality TV Shows (A-Z)
bhenderson79
Rickey Henderson's Hall of Fame Teammates
pecheneg
Champions League XIs: Arsenal
pecheneg
Quick Pick: Celebrities in WWE's Hall of Fame
aduchscher
Trending Topics
Crossword
Kpop
NBA
Anime
Harry Potter
Marvel
Disney
Soccer
The Office
Song
Pokémon
NFL
Country
Puzzle
WWE
Your Account Isn't Verified!
In order to create a playlist on Sporcle, you need to verify the email address you used during registration. Go to your
Sporcle Settings
to finish the process.
Report this User
Report this user for behavior that violates our
Community Guidelines
.
Details:
Send Report
Go to the Sporcle.com Mobile Site →
Comments